000 00850nas a2200265Ia 4500
001 db10-30519
003 IT-MiCISF
008 161014c99999999xx |||||||||||| ||und||
040 _aIT-MiCISF
_cIT-MiCISF
041 _aITALIANO
100 _aRassegna stampa
210 _aAdista
222 _aAdista
245 0 _aUtero in affitto. Risvolti etici e psicologici
250 _a1a ed.
260 _c2000
501 _bCISF - Centro Internazionale Studi Famiglia - Via Giotto, 36 20145 MILANO (non commercial uses only)
_cCopyright 2016
300 _app. 4-8
362 _a n. 78 [2000]
500 _aSchettini C., Vinci E., Mafai M., Beccaria G., Giorgi S., Concetti G., Vattimo G., Zevi T. Tema: madre-in-affitto, società, diritto
650 _aBIOETICA
_vdossier
700 _aAA.VV.
942 _cCR
957 _71
999 _a30519
_bSi
_g1
_c221124
_d221124